00458nam a2200157Ia 45000010006000000050017000060080041000230410008000640820017000721000063000892450095001522600009002473000028002566500008002846540008002921620420260306170252.0260306t1996||||xx |||||||||||||| ||und|| aESP a347.32LbL55 aComisión Nacional Supervisora de Empresas y ValoreseAUT 0aLey del mercado de valores:bLey de fondos de inversión y sus sociedades administradoras c1996 a171 páginas :c20 cm. aGEN aCDE